Statistics for French Royal Consorts and their spouses

Click here to take the quiz!

General Stats

  • This quiz has been taken 58 times
    (57 since last reset)
  • The average score is 30 of 63

Answer Stats

Royal ConsortsKings% Correct
MarieLouis XV
100%
Marie AntoinetteLouis XVI
100%
MaryPhilip III
100%
MaryCharles IV
100%
MaryLouis XII
100%
MaryCharles VII
100%
MaryHenry IV
100%
MaryFrancis II
100%
MargaretLouis IX
84%
MargaretLouis X
84%
MargaretHenry IV
84%
AnneLouis XII
79%
AnneHenry I
79%
AnneCharles VIII
79%
AnneLouis XIII
79%
CatherineHenry II
79%
JoanPhilip V of France
79%
JoanPhilip IV
79%
JoanPhilip VI
79%
JoanLouis XII
79%
IsabellaPhilip II
74%
JosephineNapoleon I
74%
Maria TheresaLouis XIV
63%
EleanorFrancis I
58%
EleanorLouis VII
58%
AdelaLouis VII
47%
BlancheCharles IV
47%
BlanchePhilip VI
47%
BlancheLouis VIII
47%
CharlotteLouis XI
42%
ClaudeFrancis I
42%
ElisabethCharles IX
42%
LouiseHenry III
37%
Marie LouiseNapoleon I
37%
AdelaideLouis VI
32%
AdelaideHugh
32%
AdelaideLouis II
32%
ClementiaLouis X
32%
EugenieNapoleon III
32%
MatildaHenry I
32%
ConstanceRobert II
26%
ConstanceLouis VII
26%
IsabeauCharles VI
26%
JoannaCharles V
26%
JoannaJohn II
26%
AgnesPhilip II
21%
IngeborgPhilip II
21%
IngeborgPhilip II
21%
BeatriceRobert I
16%
BerthaPhilip I
16%
BerthaRobert II
16%
BertradePhilip I
16%
EmmaLothair
16%
EmmaRudolph
16%
JaneCharles IV
16%
Maria AmaliaLouis-Philippe
16%
GerbergaLouis IV
11%
RichildeCharles II
11%
EadgifuCharles III
5%
ErmentrudeCharles II
5%
RozalaRobert II
5%
TheodrateOdo
5%
FrederonneCharles III
0%

Score Distribution

Percentile by Number Answered

Percent of People with Each Score

Your Score History

You have not taken this quiz since the last reset